श्रीमद्भगवदगीता का विश्व शान्ति में योगदान (Record no. 299080)

MARC details
000 -LEADER
fixed length control field 01103nam a2200277Ia 4500
003 - CONTROL NUMBER IDENTIFIER
control field OSt
005 - DATE AND TIME OF LATEST TRANSACTION
control field 20220923211408.0
008 - FIXED-LENGTH DATA ELEMENTS--GENERAL INFORMATION
fixed length control field 220922b |||||||| |||| 00| 0 hin d
020 ## - INTERNATIONAL STANDARD BOOK NUMBER
International Standard Book Number 9788190377035 (hbk)
037 ## - SOURCE OF ACQUISITION
Terms of availability Textual
040 ## - CATALOGING SOURCE
Original cataloging agency ARTS
Transcribing agency ARTS
Language of cataloging hin
041 ## - LANGUAGE CODE
Source of code hin
Language code of text/sound track or separate title hin
100 ## - MAIN ENTRY--PERSONAL NAME
Personal name चौहान, चन्द्रमणि, ले.
245 #0 - TITLE STATEMENT
Title श्रीमद्भगवदगीता का विश्व शान्ति में योगदान
246 ## - VARYING FORM OF TITLE
Title proper/short title Shrīmadbhagavadagītā kā vishva shānti mean yogadāna
260 ## - PUBLICATION, DISTRIBUTION, ETC.
Place of publication, distribution, etc. जयपुर
Name of publisher, distributor, etc. आनन्द पुस्तक मन्दिर
Date of publication, distribution, etc. 2016
300 ## - PHYSICAL DESCRIPTION
Extent 334पृ.
Dimensions cm.
650 ## - SUBJECT ADDED ENTRY--TOPICAL TERM
Topical term or geographic name entry element भगवत् गीता
650 ## - SUBJECT ADDED ENTRY--TOPICAL TERM
Topical term or geographic name entry element भारतीय दर्शन
942 ## - ADDED ENTRY ELEMENTS (KOHA)
Classification part R65,6:g, 152Q6
Koha item type Textual
Source of classification or shelving scheme Colon Classification (CC)
Holdings
Withdrawn status Lost status Damaged status Not for loan Home library Current library Date acquired Source of acquisition Cost, normal purchase price Total Checkouts Full call number Barcode Date last seen Date last checked out Cost, replacement price Price effective from Koha item type
        Arts Library Arts Library 2022-09-23 236, 16/01/2019, Eastern Book Linkers 500.00 1 R65,6:g 152Q6 AL1632753 2026-01-19 2026-01-06 500.00 2022-09-23 Textual
Copyright @ Delhi University Library System